01826nam a2200481 i 450000100060000000300080000600500170001400600190003100700150005000800410006502000270010602000180013303500230015103500240017403500250019803500210022304000310024405000300027508000100030508200160031510000250033124500460035626400390040230000410044133600310048233700330051333800430054649000360058950000220062558801250064759001640077265000340093665000450097065000440101565000370105965000360109665000500113265500270118279700190120983000370122885600620126599900170132764921FlNmELB20241217142601.0m o d | cr cnu||||||||150326s2014 sp o 001 0 spa d a9788490642535 (e-book) z9788490642528 a(MiAaPQ)EBC3226785 a(Au-PeEL)EBL3226785 a(CaPaEBR)ebr11002167 a(OCoLC)992039296 aFINmELBbspaerdacFINmELB 4aTK5105.875.I6b.C317 2014 a004.70 a004.6822231 aCarrillo Pozas, Ana.13aLa intranet social /cAna Carrillo Pozas. 1aBarcelona :bEditorial UOC,c2014. a1 recurso en línea (141 páginas) atextobtxt2rdacontent/spa acomputadorabc2rdamedia/spa arecurso en líneabcr2rdacarrier/spa1 aProfesional de la información aIncluye índice. aDescripción basada en recurso en línea; Título de la página del título en PDF (e-libro, visto March 26, 2015). aRecurso electrónico. Santa Fe, Arg.: e-libro, 2015. Disponible vía World Wide Web. El acceso puede estar limitado para las bibliotecas afiliadas a e-libro. 0aIntranets (Computer networks) 0aBusiness enterprisesxComputer networks. 0aOnline social networksxSocial aspects. 4aIntranets (Redes de ordenadores) 4aEmpresasxRedes de ordenadores. 4aRedes sociales en líneaxAspectos sociales. 4aLibros electrónicos.2 ae-libro, Corp. 0aProfesional de la información.40uhttps://elibro.net/ereader/politecnicointernacional/57681 c64921d64921